Obras oratorias.

Đã lưu trong:
Chi tiết về thư mục
Tác giả chính: Jara, Ramón Ángel (Tác giả)
Định dạng: Sách
Ngôn ngữ:Tiếng Tây Ban Nha
Được phát hành: Santiago, Chile La Gratitud Nacional 1920
Những chủ đề:
Các nhãn: Thêm thẻ
Không có thẻ, Là người đầu tiên thẻ bản ghi này!

MARC

LEADER 00000nam a2200000 a 4500
001 UCL5175
003 CL-VaPUC
005 20201105144446.0
008 040305e19200000CL |||||||||||||||||spa|d
999 |c 307843  |d 307841 
040 |c Pontificia Universidad Católica de Valparaíso 
082 0 4 |a 265.85 JAR 1920  |2 21 
100 |a Jara, Ramón Ángel  |e author  |9 482882 
245 1 0 |a Obras oratorias. 
260 0 3 |a Santiago, Chile  |b La Gratitud Nacional  |c 1920 
300 |a 2 volúmenes. 
505 |a v.2: oraciones fúnebres. 
583 |a last modification  |c 20040305 00:00:00  |k Rodrigo Vera 
650 7 |a CULTO PUBLICO  |2 CL-VaPUC  |9 397993 
650 7 |a ORACIONES  |2 CL-VaPUC  |9 319212 
942 |c BK  |2 ddc 
945 |d 20040305 00:00:00  |a vberengu 
952 |0 0  |1 0  |2 ddc  |4 0  |6 265_850000000000000_JAR_1920  |7 0  |8 P  |9 373975  |a BIBTEO  |b BIBTES  |c TEO_FTES  |d 2019-11-21  |h v.2  |i 2104865  |o 265.85 JAR 1920  |p 2104865  |r 2024-01-18  |t 1  |w 2019-11-21  |y BK  |k ICR 
952 |0 0  |1 0  |2 ddc  |4 0  |6 265_850000000000000_JAR_1920  |7 0  |8 P  |9 373976  |a BIBTEO  |b BIBTES  |c TEO_FTES  |d 2019-11-21  |h v.1  |i 2105012  |o 265.85 JAR 1920  |p 2105012  |r 2024-01-18  |t 1  |w 2019-11-21  |y BK  |k ICR 
952 |0 0  |1 0  |2 ddc  |4 0  |6 265_850000000000000_JAR_1920  |7 0  |8 X  |9 373977  |a FDOBUD  |b FDOBUD  |d 2019-11-21  |i 443790K  |o 265.85 JAR 1920  |p 443790K  |r 2019-11-21  |t 1  |w 2019-11-21  |y BK_X  |k BUD 
952 |0 0  |1 0  |2 ddc  |4 0  |6 265_850000000000000_JAR_1920  |7 0  |8 X  |9 373978  |a FDOBUD  |b FDOBUD  |d 2019-11-21  |i 4437918  |o 265.85 JAR 1920  |p 4437918  |r 2019-11-21  |t 2  |w 2019-11-21  |y BK_X  |k BUD